大阪府の消滅した駅名 - Statistics

General Stats
  • This quiz has been taken 47 times
  • The average score is 17 of 155
Answer Stats
% Correct
片町
74%
梅田
57%
湊町
50%
石橋
38%
東寝屋川
38%
上本町
36%
住吉
36%
近鉄難波
31%
今池町
29%
住吉公園
26%
天神橋
26%
天王寺
26%
我孫子
24%
飛田本通
24%
服部
24%
金岡
21%
寝屋川
21%
阿部野
19%
網島
19%
狭山遊園前
19%
浜寺
19%
万国博中央口
19%
阪和貝塚
19%
阪和岸和田
19%
阪和天王寺
19%
龍神
19%
我孫子観音前
17%
玉出
17%
南海天王寺
17%
阪和浜寺
17%
枚方東口
17%
百舌鳥
17%
泉ヶ丘
14%
大津
14%
大浜
14%
葛葉
14%
御陵前
14%
大学前
14%
高槻町
14%
阪和堺
14%
阪和砂川
14%
阪和鶴ケ丘
14%
深日
14%
南淡輪
14%
ラグビー場前
14%
応神御陵前
12%
花壇町
12%
花壇前
12%
河内半田
12%
川西
12%
孔舎衛坂
12%
12%
佐野
12%
吹田
12%
助松
12%
砂川園
12%
千里山遊園
12%
長野
12%
長柄
12%
阪和浅香山
12%
百舌鳥御陵前
12%
臨南寺前
12%
芦原
10%
茨木町
10%
恵美須
10%
交野
10%
岸ノ里
10%
北口
10%
近畿日本八尾
10%
葛葉稲荷
10%
京阪神磐船
10%
誉田
10%
誉田八幡
10%
市役所前
10%
新千里山
10%
千里山厚生園
10%
西口
10%
万国博西口
10%
阪和葛葉
10%
東口
10%
水間
10%
桃山
10%
山本
10%
大小路
7%
学校前
7%
喜志
7%
百済
7%
桜井ノ駅
7%
新喜多
7%
信達
7%
吹田東口
7%
総持寺前
7%
太子口
7%
太子口喜志
7%
高石町
7%
天保山
7%
富田町
7%
中百舌鳥運動場前
7%
西村
7%
大和川
7%
山手浅香山
7%
旭ヶ岡
5%
天美車庫前
5%
海塚
5%
エキスポランド
5%
大門通
5%
勝間
5%
関急八尾
5%
上牧桜井ノ駅
5%
交電磐船
5%
堺金岡
5%
信貴山門
5%
信貴電磐船
5%
女子学院前
5%
中央口
5%
廿山
5%
道頓堀
5%
中宮
5%
南海鶴ケ丘
5%
西吹田
5%
日本庭園
5%
仁徳御陵前
5%
博覧会
5%
土生郷
5%
東吹田
5%
東住道
5%
曳舟
5%
山手羽衣
5%
大阪天王寺
2%
京橋口
2%
駒川
2%
吹田町
2%
水曜広場
2%
住ノ江
2%
大軌山本
2%
高師ノ浜
2%
西浦
2%
博覧会門前
2%
東高安
2%
大和橋
2%
ラグビー運動場前
2%
若宮
2%
稲葉山
0%
貝塚南
0%
柏原
0%
亀瀬
0%
亀ノ瀬西口
0%
亀ノ瀬東口
0%
北浜寺
0%
京阪吹田
0%
山上
0%
信貴山口
0%
博覧会付属
0%
宮ノ前
0%
山下
0%
No matching quizzes found
Score Distribution
Percent of People with Each Score
Percentile by Number Answered
Your Score History
You have not taken this quiz